000 00735nam a2200253Ia 4500
003 OSt
005 20220925214103.0
006 a|||||r|||| 00| 0
007 ta
008 220923b |||||||| |||| 00| 0 eng d
020 _a0856643777
037 _cGeneral Book
040 _aRTL
_cRTL
_beng
041 _2eng
_aeng
082 _aY9(L25:4251), L6
100 _aMorris R J
_9127914
245 0 _aCholera 1832
_b The social reponse to an epidemic
260 _aLondon
_bCroom Helm
_c1976
300 _a228p
_ccm.
500 _aBibliography chapterwise & p 217-221
650 _aSclerosis Medical Sociology
_9277036
942 _hY9(L25:4251), L6
_cGB
_2CC
999 _c564434
_d564434